Zdroje konkurencieschopnosti malých a stredných podnikov

Najdôležitejšie zdroje konkurenčnej schopnosti MSP a tými sú investície do inovácií, zlepšení podnikovej infraštruktúry. Osobitná pozornosť je venovaná faktu, že konkurenčná výhoda nízko nákladovej pracovnej sily je len dočasná a s príchodom investorov do regiónu, narastie dopyt po pracovnej sile a...

Descripción completa

Guardado en:
Detalles Bibliográficos
Autor principal: Rákoš, Juraj
Formato: Capítulo de libro
Lenguaje:eslovaco
Materias:
Etiquetas: Agregar Etiqueta
Sin Etiquetas, Sea el primero en etiquetar este registro!

MARC

LEADER 00000nla$a2200000$$$4500
001 0077985
005 20220801085441.7
041 0 |a slo 
044 |a CZ 
245 1 0 |a Zdroje konkurencieschopnosti malých a stredných podnikov  |c Juraj Rákoš 
520 |a Najdôležitejšie zdroje konkurenčnej schopnosti MSP a tými sú investície do inovácií, zlepšení podnikovej infraštruktúry. Osobitná pozornosť je venovaná faktu, že konkurenčná výhoda nízko nákladovej pracovnej sily je len dočasná a s príchodom investorov do regiónu, narastie dopyt po pracovnej sile a tým sa zvýši jej cena. Prínosy inovačných aktivít MSP plynúce z integrácie SR do EÚ. 
610 2 0 |a podnikanie malé 
610 2 0 |a podnikanie stredné 
610 2 0 |a inovácia 
610 2 0 |a investície 
610 2 0 |a investície zahraničné 
610 2 0 |a Európska únia 
610 2 0 |a rozvoj regionálny 
100 1 |a Rákoš, Juraj